000
00313nam a22001337a 4500
082
_a
894.812.3
_b
PAU/O
100
_a
VARGHEESE PAUL
245
_a
101 GUNAPADA KADHAKAL
250
_a
SEVENTH
260
_a
WEST CHALAKUDY
_b
AKSHAYA PUBLICATIONS
_c
2010
300
_a
96
650
_a
SHORT STORY
_z
KERALA
942
_c
BK
999
_c
1100
_d
1100